The Case Of The Vanishing House

Bibliographic Details
Main Author: Long. Jack
Format: Book
Language:English
Published: London : Grandreams Limited , 1989
Series:Whodunits
Subjects:

MARC

LEADER 00000cam a2200000 7i4500
001 0000094504
005 20120614.0
008 100526 eng
020 |a 0862278724 
090 0 0 |a JF SER 
100 1 |a Long. Jack 
245 1 0 |a The Case Of The Vanishing House   |c Jack Long 
260 |a London :   |b Grandreams Limited ,   |c 1989 
300 |a 61p :   |b col.ill ;   |c 30cm. 
440 0 |a Whodunits 
650 0 0 |a Junior Fiction 
999 |a 0000364927   |b Buku   |c Koleksi Pinjaman Kanak-Kanak   |e Perpustakaan Cawangan Jasin 
999 |a 18569   |b Buku   |c Koleksi Pinjaman Kanak-Kanak   |e Perpustakaan Cawangan Masjid Tanah